NLSUI OPAC header image

Medical Liability in Asia and Australia (Record no. 211451)

MARC details
000 -LEADER
fixed length control field 01352nam a22001577a 4500
005 - DATE AND TIME OF LATEST TRANSACTION
control field 20220901151621.0
008 - FIXED-LENGTH DATA ELEMENTS--GENERAL INFORMATION
fixed length control field 220901b2022 ||||| |||| 00| 0 eng
020 ## - INTERNATIONAL STANDARD BOOK NUMBER
International Standard Book Number 9789811648540
082 ## - DEWEY DECIMAL CLASSIFICATION NUMBER
Classification number 344.041 RAP
100 ## - MAIN ENTRY--PERSONAL NAME
Personal name Rapso Vera Lucia & Beran Roy G Ed
245 ## - TITLE STATEMENT
Title Medical Liability in Asia and Australia
260 ## - PUBLICATION, DISTRIBUTION, ETC.
Place of publication, distribution, etc. London
Name of publisher, distributor, etc. Springer
Date of publication, distribution, etc. 2022
505 ## - Contents
Contents Table of Content<br/>Medical Negligence Law in Australia;<br/>Medical Malpractice Liability in China (Mainland);<br/>Medical Negligence Law in Fiji;<br/>Clinical Liability in Hong Kong: Revisiting Duty and Standard of Care;<br/>Law of Medical liability in India;<br/>Medical Liability in Indonesia: Overview and Regulatory Trends;<br/>Public Health Care Law & Ethics in Israel;<br/>Medical Injury Litigation and Compensation Systems in Japan;<br/>Medical liability in Macao;<br/>Medical Negligence in Malaysia: Selected Issues of Liabilities and Damages'?;<br/>Medical Liability in New Zealand;<br/>Medical Negligence Law in Papua New Guinea;<br/>Medical Liability in Qatar;<br/>Negligence in Russia: Expert Legal Analysis of Adverse Outcomes of Medical Care;<br/>The Patient-Centric Turn in Medical Liability in Singapore;<br/>Medical Liability in South Korea;<br/>Medical Malpractice in Taiwan.
650 ## - SUBJECT ADDED ENTRY--TOPICAL TERM
Topical term or geographic name entry element Medical personnel - Malpractice - Asia - Australia
Form subdivision Medical Laws & Legislation - Physicians & Malpractice
942 ## - ADDED ENTRY ELEMENTS (KOHA)
Source of classification or shelving scheme Dewey Decimal Classification
Koha item type BOOKs
Holdings
Withdrawn status Lost status Source of classification or shelving scheme Materials specified (bound volume or other part) Damaged status Not for loan Home library Current library Shelving location Date acquired Source of acquisition Cost, normal purchase price Total Checkouts Full call number Barcode Date last seen Price effective from Koha item type
    Dewey Decimal Classification HB     NLS NLS REFERENCE SECTION 01/09/2022 Purchased 13551.00   344.041 RAP 38841 01/09/2022 01/09/2022 BOOKs